| 000 -LEADER |
| fixed length control field |
01065nam a22002057a 4500 |
| 001 - CONTROL NUMBER |
| control field |
9415 |
| 003 - CONTROL NUMBER IDENTIFIER |
| control field |
BD-DhUAP |
| 005 - DATE AND TIME OF LATEST TRANSACTION |
| control field |
20210119095548.0 |
| 008 - FIXED-LENGTH DATA ELEMENTS--GENERAL INFORMATION |
| fixed length control field |
200129s2003 bg a|||| |||| 000 0 eng d |
| 020 ## - INTERNATIONAL STANDARD BOOK NUMBER |
| International Standard Book Number |
9840502654 |
| 040 ## - CATALOGING SOURCE |
| Original cataloging agency |
BD-DhUAP |
| Language of cataloging |
Bangla |
| Transcribing agency |
BD-DhUAP |
| Modifying agency |
BD-DhUAP |
| 082 ## - DEWEY DECIMAL CLASSIFICATION NUMBER |
| Edition number |
23 |
| Classification number |
338.95492 BAN |
| 245 ## - TITLE STATEMENT |
| Title |
বাংলাদেশের উন্নয়ন এজেন্ডা : |
| Remainder of title |
সুশীল সমাজের টাস্ক ফোর্স প্রতিবেদন ২০০১। |
| 260 ## - PUBLICATION, DISTRIBUTION, ETC. |
| Place of publication, distribution, etc. |
ঢাকা : |
| Name of publisher, distributor, etc. |
সেন্টার ফর পলিসি ডায়লগ, |
| -- |
ইউনিভার্সিটি প্রেস লিমিটেড, |
| Date of publication, distribution, etc. |
c২০০৩। |
| 300 ## - PHYSICAL DESCRIPTION |
| Extent |
৩৩৩ পৃষ্ঠা : |
| Dimensions |
চিত্র ; |
| Other physical details |
২২ সেমি.। |
| 651 ## - SUBJECT ADDED ENTRY--GEOGRAPHIC NAME |
| Geographic subdivision |
বাংলাদেশ |
| Form subdivision |
উন্নয়ন এজেন্ডা। |
| 710 ## - ADDED ENTRY--CORPORATE NAME |
| Corporate name or jurisdiction name as entry element |
সেন্টার ফর পলিসি ডায়লগ। |
| 710 ## - ADDED ENTRY--CORPORATE NAME |
| Corporate name or jurisdiction name as entry element |
ইউনিভার্সিটি প্রেস লিমিটেড। |
| 942 ## - ADDED ENTRY ELEMENTS (KOHA) |
| Source of classification or shelving scheme |
|
| Koha item type |
Book |